Artificial intelligence and big data / (Record no. 600408)
[ view plain ]
| 000 -LEADER | |
|---|---|
| fixed length control field | 00277nam a2200109Ia 4500 |
| 008 - FIXED-LENGTH DATA ELEMENTS--GENERAL INFORMATION | |
| fixed length control field | 230907s9999||||xx |||||||||||||| ||und|| |
| 082 ## - DEWEY DECIMAL CLASSIFICATION NUMBER | |
| Classification number | 6.3 |
| Author Mark | IAF |
| 100 ## - MAIN ENTRY--PERSONAL NAME | |
| Personal name | Iafrate, Fernando. |
| 9 (RLIN) | 115946 |
| 245 #0 - TITLE STATEMENT | |
| Title | Artificial intelligence and big data / |
| 300 ## - PHYSICAL DESCRIPTION | |
| Extent | pages cm |
| 942 ## - ADDED ENTRY ELEMENTS (KOHA) | |
| Koha item type | Book |
| Withdrawn status | Lost status | Damaged status | Not for loan | Permanent Location | Current Location | Date acquired | Total Checkouts | Full call number | Barcode | Date last seen | Price effective from | Koha item type |
|---|---|---|---|---|---|---|---|---|---|---|---|---|
| US-Pakistan Center for Advanced Studies in Energy (USPCAS-E) | US-Pakistan Center for Advanced Studies in Energy (USPCAS-E) | 11/21/2019 | 006.3 IAF | CAS-E0004507 | 09/12/2023 | 09/12/2023 | Book |
